[Event "Kishinev Victoriei Cup"]
[Site "Kishinev"]
[Date "2007.05.07"]
[Round "2"]
[White "Khamitskiy, Sergei"]
[Black "Martemianov, Oleg"]
[Result "1/2-1/2"]
[WhiteElo "2329"]
[BlackElo "2074"]
[PlyCount "29"]
[EventDate "2007.04.30"]
[EventType "tourn"]
[EventRounds "14"]
[EventCountry "MDA"]
[SourceTitle "EXT 2022"]
[Source "ChessBase"]
[SourceDate "2021.10.06"]
[SourceVersion "1"]
[SourceVersionDate "2021.10.06"]
[SourceQuality "1"]

1. d4 f5 2. g3 Nf6 3. Bg2 c6 4. c4 d6 5. Nf3 Qc7 6. 0-0 e5 7. dxe5 dxe5 8. Nc3 Be7 9. Bg5 e4 10. Nd4 0-0 11. Qc2 a6 12. Kh1 c5 13. Nb3 Be6 14. Bxf6 Bxf6 15. Nd5 1/2-1/2

[Event "Kishinev Victoriei Cup"]
[Site "Kishinev"]
[Date "2007.05.07"]
[Round "2"]
[White "Martemianov, Oleg"]
[Black "Panush, Viktor"]
[Result "1/2-1/2"]
[WhiteElo "2074"]
[BlackElo "2226"]
[PlyCount "49"]
[EventDate "2007.04.30"]
[EventType "tourn"]
[EventRounds "14"]
[EventCountry "MDA"]
[SourceTitle "EXT 2022"]
[Source "ChessBase"]
[SourceDate "2021.10.06"]
[SourceVersion "1"]
[SourceVersionDate "2021.10.06"]
[SourceQuality "1"]

1. d4 d5 2. c4 e6 3. Nc3 Nf6 4. cxd5 exd5 5. Bg5 c6 6. Qc2 Be7 7. e3 Nbd7 8. Bd3 0-0 9. Nge2 Re8 10. 0-0 Nf8 11. f3 Ng6 12. e4 dxe4 13. fxe4 Be6 14. h3 c5 15. Bxf6 Bxf6 16. e5 Bg5 17. d5 Bd7 18. e6 fxe6 19. Bxg6 hxg6 20. Qxg6 exd5 21. Ng3 Re5 22. Qf7+ Kh8 23. Qh5+ Kg8 24. Qf7+ Kh8 25. Qh5+ 1/2-1/2

[Event "Kishinev Victoriei Cup"]
[Site "Kishinev"]
[Date "2007.05.07"]
[Round "2"]
[White "Tufar, Octavian"]
[Black "Martemianov, Oleg"]
[Result "0-1"]
[WhiteElo "1982"]
[BlackElo "2074"]
[PlyCount "60"]
[EventDate "2007.04.30"]
[EventType "tourn"]
[EventRounds "14"]
[EventCountry "MDA"]
[SourceTitle "EXT 2022"]
[Source "ChessBase"]
[SourceDate "2021.10.06"]
[SourceVersion "1"]
[SourceVersionDate "2021.10.06"]
[SourceQuality "1"]

1. e4 g6 2. d4 Bg7 3. c4 d6 4. Nc3 Nc6 5. Be3 e5 6. Nge2 Nf6 7. f3 0-0 8. Qd2 Re8 9. g4 exd4 10. Nxd4 Ne5 11. Be2 b6 12. 0-0-0 a6 13. h4 Bd7 14. Rdg1 b5 15. cxb5 axb5 16. g5 Nh5 17. f4 Nc4 18. Bxc4 bxc4 19. f5 Bxd4 20. Qxd4 gxf5 21. exf5 Bxf5 22. Nd5 Re4 23. Nf6+ Nxf6 24. gxf6+ Kh8 25. Qc3 Rxa2 26. Bh6 Re2 27. Bg7+ Kg8 28. Bh6+ Bg6 29. Kd1 Qe8 30. h5 Rexb2 0-1

[Event "Kishinev Victoriei Cup"]
[Site "Kishinev"]
[Date "2007.05.03"]
[Round "1"]
[White "Panush, Viktor"]
[Black "Martemianov, Oleg"]
[Result "1/2-1/2"]
[WhiteElo "2226"]
[BlackElo "2074"]
[PlyCount "33"]
[EventDate "2007.04.30"]
[EventType "tourn"]
[EventRounds "14"]
[EventCountry "MDA"]
[SourceTitle "EXT 2022"]
[Source "ChessBase"]
[SourceDate "2021.10.06"]
[SourceVersion "1"]
[SourceVersionDate "2021.10.06"]
[SourceQuality "1"]

1. d4 e6 2. e4 d5 3. Nc3 Nf6 4. Bg5 Be7 5. e5 Nfd7 6. h4 a6 7. Qg4 Bxg5 8. hxg5 c5 9. g6 f5 10. Qf4 h6 11. dxc5 Nxc5 12. 0-0-0 0-0 13. Bc4 Qe8 14. Rxd5 Ne4 15. Rd3 Qxg6 16. Nh3 Nc6 17. a3 1/2-1/2

[Event "Kishinev Primavara"]
[Site "Kishinev"]
[Date "2007.04.02"]
[Round "1"]
[White "Greabca, Irina"]
[Black "Martemianov, Oleg"]
[Result "1-0"]
[WhiteElo "2162"]
[BlackElo "2074"]
[PlyCount "59"]
[EventDate "2007.03.30"]
[EventType "tourn"]
[EventRounds "14"]
[EventCountry "MDA"]
[SourceTitle "EXT 2022"]
[Source "ChessBase"]
[SourceDate "2021.10.06"]
[SourceVersion "1"]
[SourceVersionDate "2021.10.06"]
[SourceQuality "1"]

1. e4 e5 2. Nf3 Nc6 3. Bc4 Nf6 4. d3 Be7 5. 0-0 0-0 6. Bb3 d6 7. c3 Na5 8. Bc2 c5 9. d4 cxd4 10. cxd4 Nc6 11. d5 Nb4 12. Bb3 a5 13. Nc3 b6 14. a3 Na6 15. Bc2 Nc5 16. Re1 Bb7 17. Bd2 Rc8 18. b4 axb4 19. axb4 Ncd7 20. Ra7 Ba8 21. Qe2 Rc7 22. Rea1 Rxa7 23. Rxa7 Qb8 24. Qa6 h6 25. Ba4 Rd8 26. Bc6 Bxc6 27. dxc6 Qc8 28. Qxc8 Rxc8 29. cxd7 Rd8 30. Nd5 1-0

[Event "Kishinev Primavara"]
[Site "Kishinev"]
[Date "2007.04.02"]
[Round "1"]
[White "Greabca, Vasile"]
[Black "Martemianov, Oleg"]
[Result "1-0"]
[WhiteElo "2326"]
[BlackElo "2074"]
[PlyCount "53"]
[EventDate "2007.03.30"]
[EventType "tourn"]
[EventRounds "14"]
[EventCountry "MDA"]
[SourceTitle "EXT 2022"]
[Source "ChessBase"]
[SourceDate "2021.10.06"]
[SourceVersion "1"]
[SourceVersionDate "2021.10.06"]
[SourceQuality "1"]

1. d4 Nf6 2. c4 g6 3. Nc3 Bg7 4. e4 d6 5. f3 0-0 6. Be3 e5 7. d5 Nbd7 8. Bd3 Re8 9. Nge2 Nb6 10. 0-0 a5 11. a3 Nfd7 12. b4 axb4 13. axb4 Rxa1 14. Qxa1 Nf6 15. Qa5 Bd7 16. Qa7 Qa8 17. Bxb6 cxb6 18. Qxb6 Qb8 19. Ra1 Bh6 20. Kf1 Rc8 21. Ra7 Rc7 22. Qxd6 Ne8 23. Qb6 Bg5 24. c5 Bd8 25. Nb5 Rc8 26. Qxb7 Qxb7 27. Rxb7 1-0

[Event "Kishinev Primavara"]
[Site "Kishinev"]
[Date "2007.04.02"]
[Round "1"]
[White "Khamitskiy, Sergei"]
[Black "Martemianov, Oleg"]
[Result "1-0"]
[WhiteElo "2345"]
[BlackElo "2074"]
[PlyCount "47"]
[EventDate "2007.03.30"]
[EventType "tourn"]
[EventRounds "14"]
[EventCountry "MDA"]
[SourceTitle "EXT 2022"]
[Source "ChessBase"]
[SourceDate "2021.10.06"]
[SourceVersion "1"]
[SourceVersionDate "2021.10.06"]
[SourceQuality "1"]

1. d4 d5 2. c4 c6 3. Nf3 Nf6 4. e3 e6 5. Nc3 Nbd7 6. Bd3 Bd6 7. 0-0 0-0 8. e4 dxe4 9. Nxe4 Nxe4 10. Bxe4 Nf6 11. Bc2 c5 12. Bg5 h6 13. Bh4 cxd4 14. Qxd4 Be7 15. Qc3 b6 16. Rad1 Qc7 17. Ne5 Bb7 18. Bxf6 Bxf6 19. Qd3 g6 20. Nd7 Be5 21. Nxf8 Bxh2+ 22. Kh1 Rxf8 23. Qd7 Qb8 24. Bxg6 1-0

[Event "Kishinev Primavara"]
[Site "Kishinev"]
[Date "2007.04.02"]
[Round "1"]
[White "Martemianov, Oleg"]
[Black "Dolgov, Igor Mikhailovich"]
[Result "1-0"]
[WhiteElo "2074"]
[BlackElo "2506"]
[PlyCount "95"]
[EventDate "2007.03.30"]
[EventType "tourn"]
[EventRounds "14"]
[EventCountry "MDA"]
[SourceTitle "EXT 2022"]
[Source "ChessBase"]
[SourceDate "2021.10.06"]
[SourceVersion "1"]
[SourceVersionDate "2021.10.06"]
[SourceQuality "1"]

1. e4 c5 2. Nf3 d6 3. d4 cxd4 4. Nxd4 Nf6 5. Nc3 a6 6. Bg5 e6 7. f4 Be7 8. Qf3 Nbd7 9. 0-0-0 Qc7 10. Bd3 b5 11. Rhe1 Bb7 12. Nd5 Nxd5 13. exd5 Bxg5 14. Rxe6+ fxe6 15. Nxe6 Qb6 16. Qh5+ g6 17. Qxg5 Qe3+ 18. Kb1 Kf7 19. Qh6 Rag8 20. Ng5+ Ke7 21. Qh4 Kd8 22. Re1 Qd2 23. Ne4+ g5 24. fxg5 Qa5 25. Nxd6 Bxd5 26. c4 bxc4 27. g6+ Kc7 28. Nxc4 Bxc4 29. Qxc4+ Kb8 30. b4 Qb6 31. gxh7 Re8 32. Qf4+ Ka7 33. Rxe8 Rxe8 34. g4 Qg1+ 35. Kb2 Qg2+ 36. Ka3 Qd5 37. Qc7+ Ka8 38. Bc4 Qb7 39. Qxb7+ Kxb7 40. g5 Ne5 41. Bg8 Ng6 42. h4 Re3+ 43. Ka4 Rh3 44. Bf7 Rxh4 45. Bxg6 Kb6 46. Be4 a5 47. g6 axb4 48. g7 1-0

[Event "Kishinev Primavara"]
[Site "Kishinev"]
[Date "2007.04.02"]
[Round "1"]
[White "Martemianov, Oleg"]
[Black "Panush, Viktor"]
[Result "1-0"]
[WhiteElo "2074"]
[BlackElo "2215"]
[PlyCount "63"]
[EventDate "2007.03.30"]
[EventType "tourn"]
[EventRounds "14"]
[EventCountry "MDA"]
[SourceTitle "EXT 2022"]
[Source "ChessBase"]
[SourceDate "2021.10.06"]
[SourceVersion "1"]
[SourceVersionDate "2021.10.06"]
[SourceQuality "1"]

1. d4 d5 2. c4 dxc4 3. e3 Nf6 4. Bxc4 e6 5. Nf3 c5 6. 0-0 cxd4 7. exd4 Be7 8. Nc3 0-0 9. Bg5 Nc6 10. a3 b6 11. Qd3 Bb7 12. Rad1 h6 13. Bc1 Rc8 14. Ba2 Re8 15. d5 exd5 16. Nxd5 Bf8 17. Bg5 hxg5 18. Nxg5 Ne4 19. Nxe4 Qh4 20. f4 Ne7 21. Ng5 Nxd5 22. Bxd5 Bxd5 23. Qxd5 Re7 24. b4 g6 25. h3 Bh6 26. Rd4 Qh5 27. Kh2 Qh4 28. Rf3 Bf8 29. f5 Qe1 30. Rg4 Qe5+ 31. Qxe5 Rxe5 32. fxg6 1-0